Rozšírenia nástrojov automatizovaného projektovania ASR projektovanie funkčnej štruktúry ASR

Gespeichert in:
Bibliographische Detailangaben
1. Verfasser: Mizla, Martin, 1955-
Körperschaft: Vysoká škola ekonomická v Bratislave
Weitere Verfasser: Mesároš, Ľudovít
Format: Buch
Sprache:Slowakisch
Veröffentlicht: Bratislava 1987
Tags: Tag hinzufügen
Keine Tags, Fügen Sie das erste Tag hinzu!

MARC

LEADER 00000nam a2200000 4500
001 c025591
005 20260108080514.9
041 0 |a slo 
044 |a SK 
245 1 0 |a Rozšírenia nástrojov automatizovaného projektovania ASR  |b projektovanie funkčnej štruktúry ASR  |c Martin Mizla ; ved. práce Ľudovít Mesároš 
264 1 |a Bratislava  |c 1987 
300 |a 179 s. 
100 1 |a Mizla, Martin, 1955- 
700 1 |a Mesároš, Ľudovít 
710 2 |a Vysoká škola ekonomická v Bratislave